Prínosy poradenstva pre marketingovú činnosť firmy diplomová práca

Na minha lista:
Detalhes bibliográficos
Autor principal: Šmitala, David
Autor Corporativo: Obchodná fakulta EU. Katedra marketingu
Outros Autores: Hanuláková, Eva, 1964-
Formato: Livro
Idioma:eslovaco
Publicado em: Bratislava 2024
Tags: Adicionar Tag
Sem tags, seja o primeiro a adicionar uma tag!

MARC

LEADER 00000nbm a2200000 4500
001 0302270
005 20241206153309.9
041 0 |a slo 
044 |a SK 
245 1 0 |a Prínosy poradenstva pre marketingovú činnosť firmy  |b diplomová práca  |c David Šmitala ; školiteľ: Eva Hanuláková 
264 1 |a Bratislava  |c 2024 
300 |a 65 s. 
100 1 |a Šmitala, David 
700 1 |a Hanuláková, Eva, 1964- 
710 2 |a Obchodná fakulta EU. Katedra marketingu